Imperivm III "Le grandi battaglie di Roma": Popoli - Statistics

Statistiche generali
  • Questo quiz è stato fatto 12 volte
  • Il punteggio medio è 3 su 8
Statistiche sulle risposte
Risposta % Corretto
Cartagine
75%
Egitto
67%
Gallia
50%
Germania
50%
Britannia
33%
Iberia
17%
Roma imperiale
8%
Roma repubblicana
8%
Nessun quiz corrispondente trovato
Distribuzione punteggi
Percentuale di utenti per punteggio
Percentile per numero di risposta
I tuoi punteggi nel tempo
Non hai fatto questo quiz